| 000 | 00352nam a2200145Ia 4500 | ||
|---|---|---|---|
| 008 | 230917s9999||||xx |||||||||||||| ||und|| | ||
| 040 |
_e59053 _aMAIN |
||
| 041 | _aEnglish | ||
| 082 | _a297.122 A16K | ||
| 100 | _aArberry, Arthur J | ||
| 245 | 0 | _aKoran interpreted | |
| 260 |
_aLondon _bGeorge Allen and Unwin _c1980 |
||
| 300 | _a367 p. | ||
| 942 | _cBK | ||
| 999 |
_c40969 _d40969 |
||